[Event "GER CM06-C email"]
[Site "GER email"]
[Date "2019.06.19"]
[Round "?"]
[White "Junge, Wolfgang"]
[Black "Kostanjsek, Zorko"]
[Result "1/2-1/2"]
[WhiteElo "2359"]
[BlackElo "2355"]
[PlyCount "48"]
[EventDate "2019.??.??"]
[EventType "tourn (corr)"]
[EventRounds "13"]
[EventCountry "GER"]
[SourceTitle "Corr 2024"]
[Source "ChessBase"]
[SourceDate "2023.10.19"]
[SourceVersion "1"]
[SourceVersionDate "2023.10.19"]
[SourceQuality "1"]

1. d4 Nf6 2. c4 c6 3. Nc3 d5 4. Nf3 e6 5. Bg5 Be7 6. e3 Nbd7 7. cxd5 exd5 8. Qc2 Nh5 9. Bxe7 Qxe7 10. Be2 g6 11. 0-0 0-0 12. Rfe1 Nb6 13. Ne5 Bf5 14. e4 dxe4 15. Bxh5 gxh5 16. Nxe4 Nd5 17. Qc5 Rfd8 18. Qc4 Re8 19. Nc3 f6 20. Nf3 Qf7 21. Nxd5 Qxd5 22. Qxd5+ cxd5 23. Nd2 Bd3 24. Nf1 Rxe1 1/2-1/2

[Event "GER CM06-C email"]
[Site "GER email"]
[Date "2019.06.19"]
[Round "?"]
[White "Junge, Wolfgang"]
[Black "Sherwood, Russell"]
[Result "1/2-1/2"]
[WhiteElo "2359"]
[BlackElo "2373"]
[PlyCount "175"]
[EventDate "2019.??.??"]
[EventType "tourn (corr)"]
[EventRounds "13"]
[EventCountry "GER"]
[SourceTitle "Corr 2024"]
[Source "ChessBase"]
[SourceDate "2023.10.19"]
[SourceVersion "1"]
[SourceVersionDate "2023.10.19"]
[SourceQuality "1"]

1. d4 Nf6 2. c4 e6 3. Nc3 Bb4 4. e3 0-0 5. Bd3 c5 6. Nf3 d5 7. 0-0 cxd4 8. exd4 dxc4 9. Bxc4 b6 10. Bg5 Bb7 11. Qe2 Bxc3 12. bxc3 Nbd7 13. Bd3 Qc7 14. Rac1 Ng4 15. Be4 Bxe4 16. Qxe4 Ngf6 17. Qe2 h6 18. Bh4 Rfc8 19. c4 Qc6 20. h3 Ne4 21. Be7 Re8 22. Bb4 Qa4 23. Rb1 Ndf6 24. Rfd1 b5 25. c5 Nd5 26. Qxe4 Nxb4 27. Rd2 Nd5 28. Rb3 a5 29. Kh2 f6 30. Nh4 b4 31. Nf5 Qd7 32. Nd6 a4 33. Rbb2 Red8 34. Rdc2 Qe7 35. g3 f5 36. Qe1 a3 37. Rb1 Rxd6 38. cxd6 Qxd6 39. Qe5 Qxe5 40. dxe5 Kf7 41. h4 g5 42. h5 g4 43. Kg2 Rg8 44. Rc4 Rg5 45. Rh1 Ke7 46. Kf1 Rg8 47. Ke2 Rd8 48. Rd1 Kf7 49. Ke1 Rb8 50. Rb1 Rd8 51. Rbc1 Ke7 52. Ra1 Kf7 53. Rc5 Nc3 54. Rc7+ Kf8 55. Rb7 Rd4 56. Kf1 Rc4 57. Rc1 Re4 58. Rc2 Kg8 59. Rd2 Nd5 60. Rd1 Rc4 61. Ke2 Rc8 62. Kd2 Nc3 63. Ra1 Rd8+ 64. Kc2 Rc8 65. Kd3 Nd5 66. Rb1 Rd8 67. Rc1 Nc3+ 68. Kc2 Nxa2 69. Ra1 Rc8+ 70. Kd2 Rd8+ 71. Ke1 Nc3 72. Rxb4 Rd5 73. Kf1 Ra5 74. Rc4 Nd5 75. Rc2 Nb4 76. Rc8+ Kf7 77. Rc7+ Kg8 78. Rb7 Nd3 79. Rb3 Nxe5 80. Raxa3 Rxa3 81. Rxa3 Kf7 82. Ke2 Kf6 83. Ra6 Nd7 84. Kd2 Nc5 85. Rc6 Ne4+ 86. Ke3 Ke5 87. Rb6 Kf6 88. Rc6 1/2-1/2

[Event "GER CM06-C email"]
[Site "GER email"]
[Date "2019.06.19"]
[Round "?"]
[White "Junge, Wolfgang"]
[Black "Woelfelschneider, Peter"]
[Result "1/2-1/2"]
[WhiteElo "2359"]
[BlackElo "2344"]
[PlyCount "56"]
[EventDate "2019.??.??"]
[EventType "tourn (corr)"]
[EventRounds "13"]
[EventCountry "GER"]
[SourceTitle "Corr 2024"]
[Source "ChessBase"]
[SourceDate "2023.10.19"]
[SourceVersion "1"]
[SourceVersionDate "2023.10.19"]
[SourceQuality "1"]

1. d4 Nf6 2. c4 e6 3. Nc3 d5 4. Bg5 Be7 5. e3 h6 6. Bh4 0-0 7. Rc1 c5 8. Nf3 cxd4 9. Nxd4 Nc6 10. cxd5 Nxd4 11. Qxd4 Nxd5 12. Bxe7 Nxe7 13. Qxd8 Rxd8 14. Be2 Bd7 15. Bf3 Rac8 16. Ke2 Ng6 17. Rhd1 Kf8 18. Rd2 b5 19. Rcd1 Ke7 20. Ke1 Nh4 21. Be4 b4 22. Ne2 f5 23. g3 Ng6 24. Bg2 Ne5 25. b3 Be8 26. Rxd8 Rxd8 27. Rxd8 Kxd8 28. Nd4 Ke7 1/2-1/2

[Event "Berlin Lichtenberger op 17th"]
[Site "Berlin"]
[Date "2018.08.21"]
[Round "4"]
[White "Junge, Wolfgang"]
[Black "Meister, Alexander"]
[Result "0-1"]
[WhiteElo "1829"]
[BlackElo "1962"]
[PlyCount "128"]
[EventDate "2018.08.18"]
[EventType "swiss"]
[EventRounds "9"]
[EventCountry "GER"]
[SourceTitle "CBM 186 Extra"]
[Source "ChessBase"]
[SourceDate "2018.08.24"]
[SourceVersion "1"]
[SourceVersionDate "2018.08.24"]
[SourceQuality "1"]

1. d4 d5 2. c4 e6 3. Nc3 Nf6 4. Bg5 Nbd7 5. e3 c6 6. Nf3 Qa5 7. Bxf6 Nxf6 8. Qa4 Qxa4 9. Nxa4 dxc4 10. Nc3 b5 11. Be2 Nd5 12. 0-0 f6 13. Rfc1 Bd7 14. Ne4 Be7 15. Ned2 Kf7 16. e4 Nb6 17. b3 cxb3 18. Nxb3 a5 19. Nbd2 Na4 20. Bd1 Ba3 21. Rc2 g5 22. Rb1 Rhc8 23. Rb3 Be7 24. Be2 Nb6 25. Ne1 b4 26. Nd3 Na4 27. Nc4 Rcb8 28. Ne3 Nc3 29. Bh5+ Kg7 30. Rbb2 Nxe4 31. Bf3 Nc3 32. Nc4 Nd5 33. g3 Nc3 34. Kg2 Nb5 35. Nc5 Bxc5 36. dxc5 Nd4 37. Rd2 e5 38. Nb6 Rxb6 39. cxb6 Rb8 40. a3 Rxb6 41. axb4 axb4 42. Bd1 Be6 43. f4 Bd5+ 44. Kf2 gxf4 45. gxf4 c5 46. fxe5 fxe5 47. Ke1 c4 48. Rf2 b3 49. Kd2 Nb5 50. Kc1 Rg6 51. Rbd2 Nd4 52. Kb2 Rf6 53. Kc3 Rb6 54. Kb2 Be4 55. Be2 Bd5 56. Bd1 Re6 57. Kc3 Rf6 58. Kb2 Rxf2 59. Rxf2 Nb5 60. Bxb3 cxb3 61. Rf5 Nd6 62. Rg5+ Kf6 63. Rg3 e4 64. Rc3 Ke5 0-1